000 01195nam a2200313 i 4500
001 000020382
003 DO-SdBNP
005 20251001150642.0
008 100813s2015 dr 000 0 spa d
020 _a9789945166958
040 _aDO-SdBNP
_bspa
_cBNPHU
_erda
041 _aspa
082 4 _a158.1
_bA185o
_222
100 1 _aAcosta, Pedro
_eautor
_4aut.
_9463
245 1 0 _aOcúpate de ti :
_bun alto en el camino para vivir mejor /
_cPedro Acosta ; diseño de cubierta e ilustraciones, Omar González Pimentel ; diagramación, Alexandra de Deschaps.
264 _aSanto Domingo, República Dominicana :
_bEditora Búho, S. R. L.,
_c2015.
300 _a62 páginas ;
_c22 cm.
336 _atexto
_btxt
_2rdacontent
337 _asin mediación
_bn
_2rdamedia
338 _avolumen
_bnc
_2rdacarrier
590 _aInventariado, 2018/LP
650 4 _aAutorrealizacón (psicología)
_943047
650 4 _aConsejería
_98254
650 4 _aOrientación (psicología)
_933727
700 1 _aOmar González Pimentel
_eilustrador
_4il.
_ediseñador
_4di.
_988651
700 1 _aDeschaps, Alexandra de
_ediagramador
_4di.
_988652
910 _aValidado. Control de calidad MFF
942 _2ddc
_cLBS1
999 _c19886
_d19886